Central Library OPAC University of Rajshahi
Normal view MARC view

Entry Personal Name

Number of records used in: 1

001 - CONTROL NUMBER

  • control field: 14165

003 - CONTROL NUMBER IDENTIFIER

  • control field: BD-RjUL

005 - DATE AND TIME OF LATEST TRANSACTION

  • control field: 20241107104613.0

008 - FIXED-LENGTH DATA ELEMENTS

  • fixed length control field: 241107|| aca||aabn | a|a d

040 ## - CATALOGING SOURCE

  • Original cataloging agency: BD-RjUL
  • Transcribing agency: BD-RjUL

100 ## - HEADING--PERSONAL NAME

  • Personal name: ফারুক, মীর মোহাম্মদ ওমর
  • General subdivision: জীবনী

670 ## - SOURCE DATA FOUND

  • Source citation: Work cat.: (BD-RjUL)84260: সিরাজুদ্দৌলা, নবাব 14164, অধ্যাপক মীর মোহাম্মদ ওমর ফারুক এর জীবনী /, ২০২১